| 000 | 00782nam a2200277Ia 4500 | ||
|---|---|---|---|
| 008 | 170203s9999 xx 000 0 und d | ||
| 020 | _a8188370797 | ||
| 050 | _a0 30 | ||
| 050 | _bF481w | ||
| 100 | _aFile, Dick. | ||
| 245 | _aWeather / | ||
| 245 | _cwritten by Dick File ; illustrated by Peter Bull & Mainline Design. | ||
| 260 | _aNew Delhi : | ||
| 260 | _bYoung Learner Publication. | ||
| 300 | _a32 pages : | ||
| 300 | _billustrations (some color) ; | ||
| 300 | _c29 cm. | ||
| 300 | _e1 CD-ROM. | ||
| 440 | _aKnowledge masters. | ||
| 500 | _aIncludes index; Internet linked--cover, | ||
| 650 | _aWeather -- | ||
| 650 | _aWeather. | ||
| 650 | _xJuvenile literature. | ||
| 700 | _aBull, Peter, Illustrator. | ||
| 700 | _aDesign, Mainline, Illustrator. | ||
| 999 |
_c305606 _d305606 |
||